| 000 | 01018nam a2200229Ia 4500 | ||
|---|---|---|---|
| 001 | L802-49215 | ||
| 003 | IT-CnALBA | ||
| 008 | 170116s9999||||xx |||||||||||||| ||und|| | ||
| 040 |
_aIT-CnALBA _cIT-CnALBA |
||
| 041 | _aITALIANO | ||
| 100 | _aDONI MARTINO | ||
| 245 | 0 | _aNEL CUORE DI NESSUNO. POESIE. | |
| 250 | _a1a ed. | ||
| 260 |
_aFIRENZE _bL'AUTORE LIBRI _c1995 [1° Ed.:1995 - Ed.Ling.Originale: 1995] |
||
| 300 | _a71 p. | ||
| 500 | _aVARIAZIONI SULLA NOTTE. INTERMEZZI. NEL CUORE DI NESSUNO. APPUNTI E ALTRE VARIAZIONI. CONGEDO. UN'INTERVISTA A PASOLINI. MONOLOGO. PAESAGGIO. DAL BALCONE. RITORNO A CASA. | ||
| 501 | _aSocietà San Paolo EM - Piazza San Paolo, 14 - 12051 ALBA (CN) (non commercial uses only) ® Copyright 2017 | ||
| 520 | _aVARIAZIONI SULLA NOTTE. INTERMEZZI. NEL CUORE DI NESSUNO. APPUNTI E ALTRE VARIAZIONI. CONGEDO. UN'INTERVISTA A PASOLINI. MONOLOGO. PAESAGGIO. DAL BALCONE. RITORNO A CASA. | ||
| 650 | _aMISCELLANEA SULLA LETTERATURA | ||
| 942 | _cBK | ||
| 957 | _71 | ||
| 999 |
_a55729 _bNO _g Copie: 1 _c308122 _d308122 |
||